| 000 | 01197nam a22002417a 4500 | ||
|---|---|---|---|
| 005 | 20101224150352.0 | ||
| 008 | 101224t xxu||||| |||| 00| 0 mar d | ||
| 010 | _aMAR-20469 | ||
| 020 |
_a9788184981858 _c120.00 |
||
| 035 | _aMR-13127 | ||
| 037 | _bDBAD / PUB | ||
| 040 |
_aDPL _bMR |
||
| 082 | _a891.46301 | ||
| 100 |
_aसत्यनारायण,के _925101 |
||
| 245 |
_aभावकल्लोळ / _cके सत्यनारायण : एन आय कडलास्कर द्वारा अनुवादित |
||
| 246 |
_aBhavkallol _bby K Satyanarayan |
||
| 260 |
_aपुणे _bमेहता पब्लिशिंग हाऊस _c2011 |
||
| 270 |
_a1941,सदाशिव पेठ,माडीवाले कॉलनी, _bपुणे _e411030 |
||
| 300 |
_aनऊ 126पृ _c21सेमी (अजिल्द) |
||
| 700 |
_aसत्यनारायण,के _925102 |
||
| 942 |
_2ddc _cMR _mगोस्वामी _h891.46301 |
||
| 999 |
_c49518 _d49518 |
||